Sexuality and Women with Learning Disabilities : (Record no. 612533)

MARC details
000 -LEADER
fixed length control field 00535nam a2200193 a 4500
008 - FIXED-LENGTH DATA ELEMENTS--GENERAL INFORMATION
fixed length control field 260214s1999##################000#0#eng##
020 ## - INTERNATIONAL STANDARD BOOK NUMBER
ISBN 9781853027307
082 04 - DEWEY DECIMAL CLASSIFICATION NUMBER
Classification number 306.7087
Item number MCC
100 1# - MAIN ENTRY--AUTHOR NAME
Personal name McCarthy, Michelle,
245 10 - TITLE STATEMENT
Title Sexuality and Women with Learning Disabilities :
260 ## - PUBLICATION, DISTRIBUTION, ETC. (IMPRINT)
Name of publisher Jessica Kingsley Publishers,
Year of publication 1999.
300 ## - PHYSICAL DESCRIPTION
Number of Pages 290 pages
650 #0 - SUBJECT ADDED ENTRY--TOPICAL TERM
Topical Term Psychology.
942 ## - ADDED ENTRY ELEMENTS (KOHA)
Koha item type English Books
Holdings
Withdrawn status Lost status Damaged status Not for loan Home library Current library Shelving location Date acquired Full call number Accession Number Price effective from Koha item type
        Anna Centenary Library Anna Centenary Library 3RD FLOOR, B WING 14.02.2026 306.7087 MCC 425038 14.02.2026 English Books

Find us on the map